| 000 | 01068cas a2200325 a 4500 | ||
|---|---|---|---|
| 005 | 20260322212021.0 | ||
| 008 | data | ||
| 010 |
_a 95645015 _zsn 93036044 |
||
| 020 | _a9780399175732 | ||
| 022 | 0 |
_a1082-2585 _l1082-2585 _21 |
|
| 037 | _bThe Berkley Pub. Group, 200 Madison Ave., New York, NY 10016 | ||
| 040 |
_aCXP _cCXP _dSBH _dOCL _dDLC _dNSD _dDLC _dNSD _dWAU _dNSD _dEYM _dSBH |
||
| 041 | 0 | 9 | _aeng |
| 042 |
_ansdp _ansdp |
||
| 044 | _9United States | ||
| 050 | 0 | 0 |
_aRM301.15 _b.C65 |
| 082 | 1 | 0 |
_a615 _212 |
| 096 | _aQV 15 G754 2015 | ||
| 210 | 0 | _aComplete guide prescr. non-prescr. drugs | |
| 222 | 0 | _aComplete guide to prescription & non-prescription drugs. 2016-2017 | |
| 245 | 1 | 0 | _aComplete guide to prescription & non-prescription drugs. |
| 246 | 1 | 0 | _aComplete guide to prescription and non-prescription drugs |
| 260 |
_aNew York, NY : _bPerigee, _c2016-2017 |
||
| 300 |
_av. : _bill. ; _c23 cm. |
||
| 336 |
_atext _btxt _2rdacontent |
||
| 337 |
_aunmediated _bn _2rdamedia |
||
| 338 |
_avolume _bnc _2rdacarrier |
||
| 500 | _aImprint varies. | ||
| 001 | data | ||
| 999 |
_c472 _d472 |
||